Spell the Marvel Character #387 - Statistics

General Stats
  • This quiz has been taken 9 times
  • The average score is 8 of 10
Answer Stats
Picture Answer % Correct
Emma Frost
100%
Iron Fist
100%
Thor (Jane Foster)
100%
Arana
89%
Ironheart
89%
Okoye
89%
Red Widow
78%
Red Dagger
67%
Hairball
44%
Nightmask
44%
No matching quizzes found
Score Distribution
Percent of People with Each Score
Percentile by Number Answered
Your Score History
You have not taken this quiz